000 00806nam a22001817a 4500
005 20250916124404.0
008 250916b ||||| |||| 00| 0 eng d
020 _a9781641059220
050 _aKF1416.M55
100 _9Miller, Travis.
245 _aGuide to supply chain compliance laws and regulations /
_cTravis Miller.
260 _aChicago :
_bAmerican Bar Association,
_c2021.
300 _ax, 105 p. :
_c23 cm.
490 _3The corporate social responsibility series.
500 _aIncludes index.
505 _aContents: The new north star for the supply chain management -- Product compliance regulations -- Vendor management laws -- Corporate social responsibility laws -- Materiality and cross-topical data analysis -- Program best practices -- Disclosing noncompliance.
942 _2lcc
_cBK
999 _c10477
_d17977